000 00598nam a22002177a 4500
003 UA-OsUOA
001 97704
007 ta
008 20130403b un ||||| |||| 00| 0 ukr d
090 _a821.161.1
_bП26
942 _cBK
040 _aUA-OsUOA
_brus
_cUA-OsUOA
_dUA-OsUOA
245 _aПервый бой
_bповести, рассказы, стихи
300 _a382 с.
955 _a3
041 _arus
080 _a821.161.1
260 _aМ.
_bМолодая гвардия
_c1985
650 7 _a82 Література. Літературознавство
_2UDC
999 _c383954
_d383954